000 01141nac a22003137a 4500
001 BR8205099
003 BR-BrBNA
005 20240105115502.0
008 230509b bl.|||m| |||| 00| 0 por d
040 _aBR-BrBNA
_bpor
_cBiblioteca Nacional de Agricultura
072 _aF22; F23
090 _aF22 BR8205099
100 1 _aCosta, E.F. da
100 1 _aCouto, L.
110 1 _aCentro Nacional de Pesquisa de Milho e Sorgo, Sete Lagoas, MG (Brasil)
_91790
245 1 _aComparacao dos metodos anel volumetrico e radiacao gama na determinacao da densidade aparente do solo [latossolo vermelho escuro, latossolo vermelho amarelo, fisica do solo, quimica do solo, Brasil]
260 3 _aSete Lagoas, MG (Brasil):
_c1982.
300 _a8 p.
490 _aComunicado Tecnico - Centro Nacional de Pesquisa de Milho e Sorgo (Brazil)
_vno. 1
_x
650 _aFISICA DO SOLO
650 _aQUIMICA DO SOLO
650 _aLATOSSOLO VERMELHO ESCURO
650 _aLATOSSOLO VERMELHO AMARELO
650 _aPOROSIDADE
650 _aRAIO GAMA
650 _aSOLO
909 _a202312
_bLúcia Elande
_c55
_dLúcia Elande
942 _2AGRIS
_n0
_cMS
999 _c275024
_d275024